000 00759nam a2200193Ii 4500
003 JO-AjNU
008 230605s9999||||xx |||||||||||||| ||und||
040 _aJO-AjNU
_bara
_erda
_cJO-AjNU
041 _aara
050 1 4 _aPJ6106 2004
100 3 _aتاليف سلطاني،محمد علي ,
_eauthor
_934950
245 0 0 _aالتطبيق اللغوي الصرفي والنحوي والبلاغي ومعاني الادوات للسنوات الخمس
264 3 1 _aدمشق: دار العصماء،2004
300 _a141ص
336 _atext
_btxt
_2rdacontent
337 _aunmediated
_bn
_2rdamedia
338 _avolume
_bnc
_2rdacarrier
650 4 _aاللغة العربية-التطبيق اللغوي الصرفي والنحوي والبلاغي
_934951
999 _aA14381
_c17949
_d17949